00522nam a2200205Ia 4500008004100000020001800041050001400059100001900073245002200092245002700114245004800141260001500189260001600204260000900220300001500229300002700244300001000271440002700281500000800308170918s9999 xx 000 0 und d a9780439792363 bB468 1996 aBenjamin, Anne aYoung Rosa Park : bcivil rights heroine / cAnne Benjamin ; illustrated by Ellen Beier. aNew York : bScholastic, c1996 a31 pages : bcolored illustration ; c23cm. aFirst-start biography. a630